声母y开头的中国县级行政区(点位地图版) - Statistics

General Stats
  • This quiz has been taken 22 times
  • The average score is 177 of 251
Answers on the Map
Answers color-coded by a green-red scale on the quiz's map according to % correct below.
 
Answer Stats
省级行政区 地级行政区 县级行政区 % Correct
河北省 保定市 易县
93%
河北省 廊坊市 永清县
93%
山西省 大同市 云冈区
93%
辽宁省 锦州市 义县
93%
吉林省 延边朝鲜族自治州 延吉市
93%
上海市 (直辖) 杨浦区
93%
江苏省 南京市 雨花台区
93%
江苏省 镇江市 扬中市
93%
浙江省 宁波市 鄞州区
93%
浙江省 温州市 永嘉县
93%
浙江省 金华市 义乌市
93%
浙江省 金华市 永康市
93%
安徽省 阜阳市 颍州区
93%
安徽省 阜阳市 颍上县
93%
福建省 三明市 永安市
93%
福建省 南平市 延平区
93%
河南省 平顶山市 叶县
93%
河南省 三门峡市 义马市
93%
湖北省 襄阳市 宜城市
93%
湖南省 长沙市 雨花区
93%
湖南省 岳阳市 岳阳楼区
93%
湖南省 岳阳市 岳阳县
93%
广东省 阳江市 阳春市
93%
广东省 云浮市 云安区
93%
海南省 三亚市 崖州区
93%
重庆市 (直辖) 渝中区
93%
重庆市 (直辖) 渝北区
93%
重庆市 (直辖) 云阳县
93%
云南省 临沧市 云县
93%
北京市 (直辖) 延庆区
87%
河北省 唐山市 玉田县
87%
山西省 晋中市 榆次区
87%
辽宁省 铁岭市 银州区
87%
浙江省 宁波市 余姚市
87%
浙江省 温州市 乐清市
87%
浙江省 台州市 玉环市
87%
安徽省 合肥市 瑶海区
87%
安徽省 阜阳市 颍泉区
87%
江西省 上饶市 铅山县
87%
山东省 枣庄市 峄城区
87%
山东省 临沂市 沂南县
87%
山东省 临沂市 沂水县
87%
河南省 许昌市 禹州市
87%
河南省 商丘市 永城市
87%
湖北省 十堰市 郧阳区
87%
湖北省 十堰市 郧西县
87%
广东省 广州市 越秀区
87%
广东省 深圳市 盐田区
87%
广东省 阳江市 阳东区
87%
广东省 阳江市 阳西县
87%
广东省 云浮市 云城区
87%
广东省 云浮市 郁南县
87%
广西壮族自治区 北海市 银海区
87%
云南省 大理白族自治州 永平县
87%
陕西省 榆林市 榆阳区
87%
甘肃省 酒泉市 玉门市
87%
新疆维吾尔自治区 伊犁哈萨克自治州 伊宁市
87%
新疆维吾尔自治区 伊犁哈萨克自治州 伊宁县
87%
河北省 石家庄市 裕华区
80%
河北省 张家口市 蔚县
80%
山西省 太原市 迎泽区
80%
山西省 大同市 云州区
80%
山西省 忻州市 原平市
80%
内蒙古自治区 呼和浩特市 玉泉区
80%
内蒙古自治区 呼伦贝尔市 牙克石市
80%
吉林省 长春市 榆树市
80%
江苏省 无锡市 宜兴市
80%
浙江省 杭州市 余杭区
80%
浙江省 绍兴市 越城区
80%
安徽省 马鞍山市 雨山区
80%
安徽省 黄山市 黟县
80%
安徽省 阜阳市 颍东区
80%
福建省 福州市 永泰县
80%
山东省 淄博市 沂源县
80%
山东省 德州市 禹城市
80%
山东省 菏泽市 郓城县
80%
河南省 开封市 禹王台区
80%
河南省 洛阳市 宜阳县
80%
湖北省 黄石市 阳新县
80%
湖北省 黄冈市 英山县
80%
湖南省 长沙市 岳麓区
80%
湖南省 株洲市 攸县
80%
广东省 清远市 阳山县
80%
广东省 清远市 英德市
80%
重庆市 (直辖) 酉阳土家族苗族自治县
80%
四川省 南充市 营山县
80%
四川省 雅安市 雨城区
80%
陕西省 西安市 雁塔区
80%
陕西省 延安市 延长县
80%
甘肃省 兰州市 榆中县
80%
青海省 玉树藏族自治州 玉树市
80%
新疆维吾尔自治区 哈密市 伊州区
80%
新疆维吾尔自治区 和田地区 于田县
80%
河北省 沧州市 盐山县
73%
山西省 阳泉市 盂县
73%
山西省 朔州市 应县
73%
山西省 运城市 盐湖区
73%
山西省 临汾市 翼城县
73%
辽宁省 丹东市 元宝区
73%
江苏省 徐州市 云龙区
73%
江苏省 盐城市 盐都区
73%
江苏省 扬州市 仪征市
73%
安徽省 芜湖市 弋江区
73%
安徽省 安庆市 迎江区
73%
安徽省 六安市 裕安区
73%
福建省 泉州市 永春县
73%
福建省 龙岩市 永定区
73%
河南省 洛阳市 偃师区
73%
河南省 许昌市 鄢陵县
73%
河南省 驻马店市 驿城区
73%
湖北省 宜昌市 远安县
73%
湖北省 宜昌市 宜都市
73%
湖南省 株洲市 炎陵县
73%
湖南省 衡阳市 雁峰区
73%
湖南省 张家界市 永定区
73%
广东省 河源市 源城区
73%
广西壮族自治区 南宁市 邕宁区
73%
重庆市 (直辖) 永川区
73%
四川省 攀枝花市 盐边县
73%
云南省 文山壮族苗族自治州 砚山县
73%
云南省 大理白族自治州 云龙县
73%
云南省 德宏傣族景颇族自治州 盈江县
73%
陕西省 汉中市 洋县
73%
甘肃省 兰州市 永登县
73%
甘肃省 金昌市 永昌县
73%
宁夏回族自治区 银川市 永宁县
73%
新疆维吾尔自治区 哈密市 伊吾县
73%
河北省 石家庄市 元氏县
67%
河北省 沧州市 运河区
67%
山西省 运城市 永济市
67%
山西省 临汾市 尧都区
67%
内蒙古自治区 鄂尔多斯市 伊金霍洛旗
67%
辽宁省 沈阳市 于洪区
67%
吉林省 吉林市 永吉县
67%
黑龙江省 哈尔滨市 依兰县
67%
安徽省 铜陵市 义安区
67%
安徽省 安庆市 岳西县
67%
安徽省 宿州市 埇桥区
67%
福建省 三明市 尤溪县
67%
江西省 鹰潭市 月湖区
67%
江西省 上饶市 玉山县
67%
江西省 上饶市 弋阳县
67%
山东省 济宁市 鱼台县
67%
河南省 洛阳市 伊川县
67%
河南省 安阳市 殷都区
67%
河南省 新乡市 延津县
67%
河南省 漯河市 郾城区
67%
河南省 商丘市 虞城县
67%
湖北省 孝感市 云梦县
67%
湖北省 孝感市 应城市
67%
湖南省 湘潭市 雨湖区
67%
湖南省 郴州市 永兴县
67%
湖南省 湘西土家族苗族自治州 永顺县
67%
广西壮族自治区 桂林市 永福县
67%
广西壮族自治区 河池市 宜州区
67%
四川省 凉山彝族自治州 盐源县
67%
四川省 凉山彝族自治州 越西县
67%
贵州省 铜仁市 印江土家族苗族自治县
67%
云南省 昭通市 盐津县
67%
陕西省 铜川市 耀州区
67%
陕西省 咸阳市 杨陵区
67%
陕西省 延安市 延川县
67%
甘肃省 临夏回族自治州 永靖县
67%
宁夏回族自治区 固原市 原州区
67%
山西省 太原市 阳曲县
60%
山西省 大同市 阳高县
60%
山西省 朔州市 右玉县
60%
山西省 临汾市 永和县
60%
内蒙古自治区 赤峰市 元宝山区
60%
黑龙江省 伊春市 伊美区
60%
黑龙江省 牡丹江市 阳明区
60%
浙江省 丽水市 云和县
60%
安徽省 安庆市 宜秀区
60%
江西省 新余市 渝水区
60%
江西省 赣州市 于都县
60%
江西省 吉安市 永丰县
60%
江西省 吉安市 永新县
60%
江西省 宜春市 袁州区
60%
江西省 上饶市 余干县
60%
河南省 新乡市 原阳县
60%
河南省 漯河市 源汇区
60%
湖北省 宜昌市 夷陵区
60%
湖南省 湘潭市 岳塘区
60%
湖南省 益阳市 沅江市
60%
湖南省 郴州市 宜章县
60%
湖南省 怀化市 沅陵县
60%
广西壮族自治区 玉林市 玉州区
60%
广西壮族自治区 百色市 右江区
60%
四川省 绵阳市 盐亭县
60%
四川省 甘孜藏族自治州 雅江县
60%
贵州省 贵阳市 云岩区
60%
云南省 玉溪市 元江哈尼族彝族傣族自治县
60%
云南省 丽江市 玉龙纳西族自治县
60%
云南省 大理白族自治州 漾濞彝族自治县
60%
西藏自治区 日喀则市 亚东县
60%
陕西省 西安市 阎良区
60%
陕西省 铜川市 印台区
60%
宁夏回族自治区 吴忠市 盐池县
60%
新疆维吾尔自治区 巴音郭楞蒙古自治州 尉犁县
60%
新疆维吾尔自治区 巴音郭楞蒙古自治州 焉耆回族自治县
60%
新疆维吾尔自治区 喀什地区 叶城县
60%
新疆维吾尔自治区 喀什地区 岳普湖县
60%
河北省 张家口市 阳原县
53%
山西省 晋中市 榆社县
53%
吉林省 四平市 伊通满族自治县
53%
黑龙江省 双鸭山市 友谊县
53%
黑龙江省 伊春市 友好区
53%
安徽省 蚌埠市 禹会区
53%
安徽省 六安市 叶集区
53%
福建省 漳州市 云霄县
53%
江西省 鹰潭市 余江区
53%
江西省 抚州市 宜黄县
53%
山东省 济宁市 兖州区
53%
山东省 聊城市 阳谷县
53%
山东省 滨州市 阳信县
53%
湖南省 岳阳市 云溪区
53%
广西壮族自治区 桂林市 阳朔县
53%
四川省 自贡市 沿滩区
53%
四川省 绵阳市 游仙区
53%
四川省 广安市 岳池县
53%
四川省 雅安市 荥经县
53%
贵州省 铜仁市 沿河土家族自治县
53%
云南省 昭通市 永善县
53%
云南省 昭通市 彝良县
53%
云南省 楚雄彝族自治州 姚安县
53%
云南省 红河哈尼族彝族自治州 元阳县
53%
陕西省 咸阳市 永寿县
53%
陕西省 延安市 宜川县
53%
新疆维吾尔自治区 喀什地区 英吉沙县
53%
河北省 邯郸市 永年区
47%
河北省 承德市 鹰手营子矿区
47%
山西省 晋城市 阳城县
47%
黑龙江省 哈尔滨市 延寿县
47%
黑龙江省 齐齐哈尔市 依安县
47%
江西省 宜春市 宜丰县
47%
广西壮族自治区 桂林市 雁山区
47%
四川省 南充市 仪陇县
47%
四川省 资阳市 雁江区
47%
云南省 昆明市 宜良县
47%
云南省 临沧市 永德县
47%
云南省 楚雄彝族自治州 永仁县
47%
云南省 楚雄彝族自治州 元谋县
47%
新疆维吾尔自治区 塔城地区 裕民县
47%
山西省 运城市 垣曲县
40%
江西省 九江市 永修县
40%
广西壮族自治区 柳州市 鱼峰区
40%
贵州省 遵义市 余庆县
40%
贵州省 铜仁市 玉屏侗族自治县
40%
陕西省 铜川市 宜君县
40%
云南省 玉溪市 易门县
33%
云南省 丽江市 永胜县
33%
No matching quizzes found
Score Distribution
Percent of People with Each Score
Percentile by Number Answered
Your Score History
You have not taken this quiz